000 00385 a2200169 4500
001 74297
020 _a8508015232
040 _cAnchieta - Colégio São Paulo
100 _aLemle, Miriam
240 1 0 _aGuia teórico do alfabetizador
_lpor
245 1 0 _aGuia teórico do alfabetizador
300 _a72
362 0 _a1988
440 1 _aÁtica
650 4 _aEducação
942 _cBK
999 _c74297
_d74297